La historia del arte

La historia del arte' es una de las obras sobre arte más famosas jamás publicadas. Durante más de cinco décadas no ha tenido rival como introducción al arte en su totalidad, abarcando desde las primera pinturas rupestres hasta el arte experimental contemporáneo.

Bibliographic Details
Main Author: Gombrich, E. H. (Ernst Hans), 1909-2001
Format: Libro
Language:Spanish
Published: Buenos Aires : Sudamericana, 2004.
Edition:2a. ed.
Subjects:
Online Access:

MARC

LEADER 00000cam a2200000 a 4500
001 019325
003 UAHC_CL
005 20210906154416.0
008 010822b2004 ag 000 spa
020 |a 9500715694 
040 |a UAHC_CL  |c UAHC_CL  |d UAHC_CL 
082 0 4 |a 709 G585 
100 1 |a Gombrich, E. H.  |q (Ernst Hans),  |d 1909-2001 
245 1 3 |a La historia del arte  |c E.H. Gombrich ; traducción de Rafael Santos Torroella. 
250 |a 2a. ed.  |b 1 a. impr. 
260 |a Buenos Aires :  |b Sudamericana,  |c 2004. 
300 |a 688 p. 
520 |a La historia del arte' es una de las obras sobre arte más famosas jamás publicadas. Durante más de cinco décadas no ha tenido rival como introducción al arte en su totalidad, abarcando desde las primera pinturas rupestres hasta el arte experimental contemporáneo. 
650 0 |a Arte  |x Historia  |9 14062 
942 |c BK  |2 ddc 
952 |0 0  |1 0  |4 0  |6 709_000000000000000_GOMH  |7 0  |8 General  |9 38720  |a BR  |b BR  |c General  |d 2017-08-03  |l 3  |m 4  |o 709 GOMH  |p 1353444  |r 2026-01-14 00:00:00  |s 2024-03-13  |t 1  |w 2017-08-03  |y BK 
952 |0 0  |1 0  |4 0  |6 709_000000000000000_GOMH  |7 0  |8 General  |9 38721  |a BC  |b BC  |c General  |d 2017-08-03  |l 1  |o 709 GOMH  |p 1353445  |r 2026-01-13 00:00:00  |s 2019-09-30  |t 2  |w 2017-08-03  |x Encuadernado en mal estado. CBB 30.09.2019  |y BK 
952 |0 0  |1 0  |4 0  |6 709_000000000000000_GOMH  |7 0  |8 General  |9 38722  |a BS  |b BS  |c General  |d 2017-08-03  |l 0  |o 709 GOMH  |p 1353446  |r 2017-08-03 00:00:00  |t 1  |w 2017-08-03  |y BK 
952 |0 0  |1 0  |4 0  |6 709_000000000000000_GOMH  |7 0  |8 General  |9 38723  |a BS  |b BS  |c General  |d 2017-08-03  |l 15  |m 5  |o 709 GOMH  |p 1353447  |r 2026-03-18 16:35:15  |s 2026-03-18  |t 2  |w 2017-08-03  |y BK 
999 |c 19325  |d 19325